Optical properties of solids / (Record no. 30378)

000 -LEADER
fixed length control field 01367 a2200217 4500
020 ## - INTERNATIONAL STANDARD BOOK NUMBER
International Standard Book Number 0198506139 (hardcover)
020 ## - INTERNATIONAL STANDARD BOOK NUMBER
International Standard Book Number 9780198506133 (hardcover)
028 42 - PUBLISHER NUMBER
Publisher number numerous line figures
Source Oxford University Press
082 ## - DEWEY DECIMAL CLASSIFICATION NUMBER
Classification number 530.412
090 ## - LOCALLY ASSIGNED LC-TYPE CALL NUMBER (OCLC); LOCAL CALL NUMBER (RLIN)
-- 1771
-- 1771
100 1# - MAIN ENTRY--PERSONAL NAME
Personal name Fox, Mark.
245 10 - TITLE STATEMENT
Title Optical properties of solids /
Statement of responsibility, etc. Mark Fox.
250 ## - EDITION STATEMENT
Edition statement 1st ed.
260 ## - PUBLICATION, DISTRIBUTION, ETC.
Place of publication, distribution, etc. [S.l.] :
Name of publisher, distributor, etc. Oxford University Press,
Date of publication, distribution, etc. 2002.
300 ## - PHYSICAL DESCRIPTION
Extent 318 p. ;
Dimensions 25 cm.
490 1# - SERIES STATEMENT
Series statement Oxford master series in physics.
520 ## - SUMMARY, ETC.
Summary, etc. This book gives an introduction to the optical properties of solids, including many new topics that have not been previously covered in other solid state texts at this level. The fundamental principles of absorption, reflection, luminescence and light scattering are discussed for a wide range of materials, including crystalline insulators and semiconductors, glasses, metals, and molecular materials. Classical and quantum models are used where appropriate along with recent experimental data. Examples include semiconductor quantum wells, organic semiconductors, vibronic solid state lasers, and nonlinear optics.
830 #0 - SERIES ADDED ENTRY--UNIFORM TITLE
Uniform title Oxford master series in physics.
942 ## - ADDED ENTRY ELEMENTS (KOHA)
Institution code [OBSOLETE] SNS
Koha item type Book
Call number prefix 530.412 FOX
Holdings
Withdrawn status Lost status Damaged status Not for loan Permanent Location Current Location Date acquired Total Checkouts Full call number Barcode Date last seen Date last checked out Price effective from Koha item type
        School of Natural Sciences (SNS) School of Natural Sciences (SNS) 05/26/2016 4 530.412 FOX SNS0002095 06/02/2025 02/19/2025 05/26/2016 Book
© 2023 Central Library, National University of Sciences and Technology. All Rights Reserved.